01123nam a2200313Ia 450000500170000000800410001702000190005810000270007724501090010425000390021330000510025249000230030365000310032665000370035765000440039465000350043865000370047365000350051065000370054570000290058294200150061126400330062633600270065933700330068633800280071904000350074708400120078299900150079420220317001134.0160825s2008 ck a g 000 0 spa  a978958300790121 aCastro Blanco, Elías10aPor qué lloraban los Tikuna?by otras leyendascElías Castro Blanco ; ilustrado por Marcela Quintero a1a. edición b3a. reimpresión  a66 páginas bilustraciones en color c20 cm  aLiteratura juvenil142LEMBaLeyendas colombianas142LEMBaIndigenas en la literatura142LEMBaTradición oral en la literatura142LEMBaWayuu (Grupo indígena)142LEMB aPijaos (Grupo indígena)142LEMB aTule (Grupo indígena)142LEMB aTikuna (Grupo indígena)1 aQuintero, Marcela916330 2loccBKLIT aBogotábPanamericanac2008 atextobtxt2rdacontent asin mediaciónbn2rdamedia avolumenbnc2rdacarrier aCO-BoRNBPbspaerdacCO-BoRNBP aLM CAS4 c6043d6043